00564nam a22002057a 450000500170000001000130001702000100003003500130004003700160005304000120006908200180008110000160009924500560011526000500017127000370022130000260025850000200028465000250030465000290032920170124105956.0 aB-011265 c00.00 aB-011265 bCen Lib/Ret aDPLbEN a658.1599bSET aSeth, A. K. aInternational financial management /cby A. K. Seth aNew DelhibGalgotia Publishing Company c2006 a6A/4, Wea, Karol BaghbNew Delhi axxii, 522p.c21cm(Hb) aIncludes index  aFinancial management aInternational relations